Niemieckie Marki Pojazdów - Statystyki

Ogólne statystyki
  • Ten quiz został rozwiązany 100 razy
  • Średni wynik to 6 z 7
Statystyki odpowiedzi
Hint Odpowiedź % Poprawnych
corsa opel
99%
a7 Audi
97%
911 porsche
92%
tiguan Volkswagen
90%
C63 Mercedes
86%
5 (np f10) BMW
76%
TGX MAN
25%
Nie znaleziono quizów pasujących do podanych kryteriów
Rozkład punktacji
Procent ludzi z każdym wynikiem
Percentyl według liczby udzielonych odpowiedzi
Twoja historia wyników
Nie rozwiązałeś tego quizu